[Event "Arad op 17th"]
[Site "Arad"]
[Date "2024.08.10"]
[Round "8"]
[White "Rozen, Eytan"]
[Black "Warmerdam, Max"]
[Result "1/2-1/2"]
[WhiteElo "2478"]
[BlackElo "2676"]
[PlyCount "78"]
[EventDate "2024.08.05"]
[EventType "swiss"]
[EventRounds "9"]
[EventCountry "ROU"]
[SourceTitle "CBM 221 Extra"]
[Source "ChessBase"]
[SourceDate "2024.09.30"]
[SourceVersion "1"]
[SourceVersionDate "2024.09.30"]
[SourceQuality "1"]

1. d4 Nf6 2. c4 g6 3. Nc3 Bg7 4. e4 d6 5. h3 0-0 6. Be3 Na6 7. g4 c6 8. Bg2 Rb8 9. Nge2 b5 10. cxb5 cxb5 11. Ng3 b4 12. Nce2 e5 13. dxe5 dxe5 14. Qxd8 Rxd8 15. Bxa7 Ra8 16. Bb6 Re8 17. Be3 Bf8 18. 0-0 Be6 19. Rfc1 Nd7 20. f4 Nac5 21. b3 exf4 22. Nxf4 Ra5 23. Bd4 Bg7 24. Bxg7 Kxg7 25. Nge2 Rea8 26. Nd4 Rxa2 27. Rxa2 Rxa2 28. Nfxe6+ fxe6 29. e5 Rd2 30. Rc4 Rd1+ 31. Kh2 Rd2 32. Kg1 Kf7 33. Nf3 Rd1+ 34. Kh2 Nxb3 35. Ng5+ Ke7 36. Rxb4 Nbc5 37. Nxh7 Nxe5 38. Ng5 Ned3 39. Rb6 e5 1/2-1/2

[Event "EU-chT U18"]
[Site "Rhodes"]
[Date "2024.06.24"]
[Round "4.1"]
[White "Ohanyan, Emin"]
[Black "Rozen, Eytan"]
[Result "1-0"]
[WhiteElo "2501"]
[BlackElo "2495"]
[PlyCount "204"]
[EventDate "2024.06.21"]
[EventType "team-swiss"]
[EventRounds "7"]
[EventCountry "GRE"]
[SourceTitle "CBM 220 Extra"]
[Source "ChessBase"]
[SourceDate "2024.07.31"]
[SourceVersion "1"]
[SourceVersionDate "2024.07.31"]
[SourceQuality "1"]
[WhiteTeam "Armenia U18"]
[BlackTeam "Israel U18"]
[WhiteTeamCountry "ARM"]
[BlackTeamCountry "ISR"]

1. e4 c6 2. d4 d5 3. e5 Bf5 4. Nf3 e6 5. Be2 Ne7 6. 0-0 h6 7. Nbd2 Nd7 8. Nb3 a5 9. a4 Bh7 10. c3 Nc8 11. Be3 Be7 12. Bd3 Bxd3 13. Qxd3 0-0 14. Nfd2 Ncb6 15. f4 f5 16. exf6 Nxf6 17. Nc5 Bxc5 18. dxc5 Nbd7 19. Bd4 Qe7 20. Qe3 Ng4 21. Qg3 Ngf6 22. Qe3 Ng4 23. Qh3 Ngf6 24. b4 Rfe8 25. Qe3 Ng4 26. Qe2 Ngf6 27. Rf3 axb4 28. cxb4 b6 29. Rc3 bxc5 30. bxc5 Reb8 31. Be5 Nxe5 32. Qxe5 Rb4 33. Qd6 Qe8 34. Re3 Rb2 35. Nf3 Ne4 36. Qe5 Rb4 37. h3 Qg6 38. Nd4 Rbxa4 39. Rxa4 Rxa4 40. Nxe6 Ra8 41. Rb3 Qf7 42. Rb8+ Rxb8 43. Qxb8+ Kh7 44. Nf8+ Kg8 45. Ng6+ Kh7 46. Nf8+ Kg8 47. Ne6+ Kh7 48. Qc8 Nxc5 49. Nf8+ Kg8 50. Ng6+ Kh7 51. Nf8+ Kg8 52. Nd7+ Kh7 53. Nxc5 Qxf4 54. Qxc6 Qc1+ 55. Kf2 Qd2+ 56. Kf3 Qc3+ 57. Kg4 Qd4+ 58. Kf5 Qf2+ 59. Ke5 Qg3+ 60. Kd4 Qf2+ 61. Ke5 Qg3+ 62. Kd4 Qf2+ 63. Kc3 Qe1+ 64. Kb3 Qg3+ 65. Kb4 Qxg2 66. Qd7 Qg3 67. Ne6 Qe5 68. Kc5 d4+ 69. Kc4 Qe2+ 70. Kxd4 Qd2+ 71. Ke5 Qe3+ 72. Kd5 Qb3+ 73. Ke4 Qb4+ 74. Nd4 Qb1+ 75. Ke5 Qe1+ 76. Kd5 Qh1+ 77. Kd6 Qe4 78. Kc5 Kg6 79. Ne6 Kf6 80. Nd4 Kg6 81. Kc4 Kf6 82. Qd6+ Kg5 83. Qg3+ Kf6 84. Kc3 h5 85. h4 Qe5 86. Qf2+ Kg6 87. Kd3 Qf6 88. Qg3+ Kh6 89. Nf3 Qa6+ 90. Ke3 Qb6+ 91. Ke2 Qb2+ 92. Kf1 Qb1+ 93. Kg2 Qc2+ 94. Qf2 Qxf2+ 95. Kxf2 Kg6 96. Ng5 Kf5 97. Kf3 g6 98. Ne4 Ke5 99. Ng3 g5 100. hxg5 h4 101. Ne4 h3 102. Kg3 Kd5 1-0